000 00722cam a2200181 4500
001 X104744
008 000000n2000 000 0 eng u
035 _a(Sirsi) u104744
245 _aTreharne v Brabon
260 _c2000
490 _aNew Property Cases
_v[2000] 21 NPC 1-3(3)
520 _aChD 3 March 2000. Two questions of importance - Did the bankrupt sell property at an undervalue and was his wife's sale of property as mortgagee a sale by the bankrupt - both answered to the advantage of the bankrupt and his wife. Headnote from journal - No photocopying allowed.
650 _aInsolvency
_96247
650 _aTREHARNE V BRABON
650 _aBANKRUPTCY
690 _aHOUSING-HOUSING FINANCE
942 _n0
999 _c62835
_d62835